000 00666nam a2200265Ia 4500
005 20260302114059.0
008 008 260114s9999 xx 000 0 eng d
020 _a9781350386884
037 _aTextbook
040 _aCRL
040 _beng
040 _cCRL
041 _2eng
041 _aeng
084 _qCRL
100 _aStanislas Breton
_91117699
245 4 _aThe Poetics of the Sensible
260 _bBloomsbury
260 _bBloomsbury Academic
260 _c2024
650 _aPhilosophy
856 _uhttps://doi.org/10.5040/9781350386884?locatt=label:secondary_bloomsburyCollections
942 _cEBOOK
999 _c1681269
_d1681269